Zásobovanie v systémoch so signalizáciou zmien bakalárska práca

Saved in:
Bibliographic Details
Main Author: Poizl, Michal
Corporate Author: Fakulta hospodárskej informatiky EU. Katedra operačného výskumu a ekonometrie
Other Authors: Čemická, Katarína
Format: Book
Language:Slovak
Published: Bratislava 2013
Tags: Add Tag
No Tags, Be the first to tag this record!

MARC

LEADER 00000nbm a2200000 4500
001 0173302
005 20161109112153.1
041 0 |a slo 
044 |a SK 
245 1 0 |a Zásobovanie v systémoch so signalizáciou zmien  |b bakalárska práca  |c Michal Poizl ; školiteľ: Katarína Čemická 
264 1 |a Bratislava  |c 2013 
300 |a 45 s. 
100 1 |a Poizl, Michal 
700 1 |a Čemická, Katarína 
710 2 |a Fakulta hospodárskej informatiky EU. Katedra operačného výskumu a ekonometrie